Fatah Ya Shikast (Record no. 8331)

MARC details
000 -LEADER
fixed length control field 00578nam a2200241 a 4500
020 ## - INTERNATIONAL STANDARD BOOK NUMBER
ISBN
082 00 - DEWEY DECIMAL CLASSIFICATION NUMBER
Classification number 236.8
Author Cutter MAS
100 ## - MAIN ENTRY--AUTHOR NAME
Author name Maseehi Ishaet Khana,
245 ## - TITLE STATEMENT
Title Fatah Ya Shikast
260 ## - PUBLICATION, DISTRIBUTION, ETC. (IMPRINT)
Place of publication Lahore
Name of publisher Masihi Ishaat Khana
Year of publication 0000
300 ## - PHYSICAL DESCRIPTION
Number of Pages 31p
500 ## - GENERAL NOTE
General note includes index and biblioraphy
505 2# - FORMATTED CONTENTS NOTE
Formatted contents note Roman Urdu
650 ## - SUBJECT ADDED ENTRY--TOPICAL TERM
Topical Term Resurrection
942 ## - ADDED ENTRY ELEMENTS (KOHA)
Koha item type Books
700 1# -
-- Maseehi Ishaet Khana,
Holdings
Collection code Home library Current library Date acquired Cost, normal purchase price Full call number Accession Number Koha item type
  Henry Martyn Institute Library Henry Martyn Institute Library 06/20/2007 100.00 236.8 MAS 011003 Books
                   Copyright © 2026 | Henry Martyn Institute | Hyderabad | TS-500052 | INDIA | Implemented by hmi.edu.in
Hit-Count:

Powered by Koha